Normal view
MARC view
Entry Topical Term
001 - CONTROL NUMBER
- control field: 12611
003 - CONTROL NUMBER IDENTIFIER
- control field: BD-RjUL
005 - DATE AND TIME OF LATEST TRANSACTION
- control field: 20240417163733.0
008 - FIXED-LENGTH DATA ELEMENTS
- fixed length control field: 240417|| aca||aabn | a|a d
040 ## - CATALOGING SOURCE
- Original cataloging agency: BD-RjUL
- Transcribing agency: BD-RjUL
150 ## - HEADING--TOPICAL TERM
- Topical term or geographic name entry element: Industrial pollution
- General subdivision: Dhaka
- Geographic subdivision: Bangladesh
670 ## - SOURCE DATA FOUND
- Source citation: Work cat.: (BD-RjUL)83529: Banu, Rezina Akhter 12610, Studies on the environmental impact of industrial effluents on water bodies, Aquatic plants and agricultural soil in and around Dhaka export processing zone / , 2008